Proceedings 2nd poultry healthy short course : College of veterinary medicine University of the Philippines ai Los Banos College, Laguna October 27-30,1992

Guardat en:
Dades bibliogràfiques
Format: Llibre
Idioma:Undetermined
Publicat: Solvay Animal Health, Inc 1992
Matèries:
Etiquetes: Afegir etiqueta
Sense etiquetes, Sigues el primer a etiquetar aquest registre!
Thư viện lưu trữ: Trung tâm Học liệu Trường Đại học Cần Thơ
LEADER 00587nam a2200169Ia 4500
001 CTU_126548
008 210402s9999 xx 000 0 und d
082 |a 636.5089 
082 |b P963 
245 0 |a Proceedings 2nd poultry healthy short course : 
245 0 |b College of veterinary medicine University of the Philippines ai Los Banos College, Laguna October 27-30,1992 
260 |b Solvay Animal Health, Inc 
260 |c 1992 
650 |a Poultry,Veterinary medicine 
650 |x Diseases 
904 |i M.Loan, Huỳnh Mai 
980 |a Trung tâm Học liệu Trường Đại học Cần Thơ